000 00498nam a2200181Ia 4500
001 14826
003 GE_BSU
008 181216s||||||||xx |||||||||||||| ||und||
040 _cGE_BSU
080 _a514.13
100 _aАлександров,П.С.
245 _aЧто такое неэвклидова геометрия
260 _aМосква
260 _c1950
300 _a69стр.илл.22см.
653 _aЧто такое неэвклидова геометрия
942 _cBK
999 _c47949
_d47949